<?xml version="1.0" encoding="UTF-8"?>
<collection xmlns="http://www.loc.gov/MARC21/slim">
 <record>
  <leader>06844cam a2201261 c 4500</leader>
  <controlfield tag="001">1762831554</controlfield>
  <controlfield tag="003">DE-627</controlfield>
  <controlfield tag="005">20260302140639.0</controlfield>
  <controlfield tag="007">tu</controlfield>
  <controlfield tag="008">210713s2022    xxu|||||      00| ||eng c</controlfield>
  <datafield tag="010" ind1=" " ind2=" ">
   <subfield code="a">  2021031020</subfield>
  </datafield>
  <datafield tag="020" ind1=" " ind2=" ">
   <subfield code="a">9780226816708</subfield>
   <subfield code="q">cloth</subfield>
  </datafield>
  <datafield tag="020" ind1=" " ind2=" ">
   <subfield code="a">0226816702</subfield>
  </datafield>
  <datafield tag="035" ind1=" " ind2=" ">
   <subfield code="a">(DE-627)1762831554</subfield>
  </datafield>
  <datafield tag="035" ind1=" " ind2=" ">
   <subfield code="a">(DE-603)49851577X</subfield>
  </datafield>
  <datafield tag="035" ind1=" " ind2=" ">
   <subfield code="a">(DE-599)KXP1762831554</subfield>
  </datafield>
  <datafield tag="035" ind1=" " ind2=" ">
   <subfield code="a">(OCoLC)1362873915</subfield>
  </datafield>
  <datafield tag="035" ind1=" " ind2=" ">
   <subfield code="a">(OCoLC)1260170850</subfield>
  </datafield>
  <datafield tag="040" ind1=" " ind2=" ">
   <subfield code="a">DE-627</subfield>
   <subfield code="b">ger</subfield>
   <subfield code="c">DE-627</subfield>
   <subfield code="e">rda</subfield>
  </datafield>
  <datafield tag="041" ind1=" " ind2=" ">
   <subfield code="a">eng</subfield>
  </datafield>
  <datafield tag="044" ind1=" " ind2=" ">
   <subfield code="c">XD-US</subfield>
   <subfield code="c">XA-GB</subfield>
  </datafield>
  <datafield tag="050" ind1=" " ind2="0">
   <subfield code="a">N6888.K55</subfield>
  </datafield>
  <datafield tag="082" ind1="0" ind2=" ">
   <subfield code="a">704.9/4864</subfield>
   <subfield code="q">DLC</subfield>
   <subfield code="2">23</subfield>
  </datafield>
  <datafield tag="082" ind1="0" ind2=" ">
   <subfield code="a">704.94864</subfield>
   <subfield code="2">DDC23eng</subfield>
  </datafield>
  <datafield tag="084" ind1=" " ind2=" ">
   <subfield code="a">KUNST</subfield>
   <subfield code="q">DE-16</subfield>
   <subfield code="2">fid</subfield>
  </datafield>
  <datafield tag="084" ind1=" " ind2=" ">
   <subfield code="a">LI 46559</subfield>
   <subfield code="2">rvk</subfield>
   <subfield code="0">(DE-625)rvk/96387:13287</subfield>
  </datafield>
  <datafield tag="084" ind1=" " ind2=" ">
   <subfield code="a">20.31</subfield>
   <subfield code="2">bkl</subfield>
  </datafield>
  <datafield tag="084" ind1=" " ind2=" ">
   <subfield code="a">20.05</subfield>
   <subfield code="2">bkl</subfield>
  </datafield>
  <datafield tag="100" ind1="1" ind2=" ">
   <subfield code="a">Bourneuf, Annie</subfield>
   <subfield code="d">1979-</subfield>
   <subfield code="e">VerfasserIn</subfield>
   <subfield code="0">(DE-588)139841598</subfield>
   <subfield code="0">(DE-627)703483277</subfield>
   <subfield code="0">(DE-576)313491674</subfield>
   <subfield code="4">aut</subfield>
  </datafield>
  <datafield tag="245" ind1="1" ind2="0">
   <subfield code="a">Behind the angel of history</subfield>
   <subfield code="b">the &quot;Angelus novus&quot; and its interleaf</subfield>
   <subfield code="c">Annie Bourneuf</subfield>
  </datafield>
  <datafield tag="264" ind1=" " ind2="1">
   <subfield code="a">Chicago</subfield>
   <subfield code="a">London</subfield>
   <subfield code="b">University of Chicago Press</subfield>
   <subfield code="c">[2022]</subfield>
  </datafield>
  <datafield tag="264" ind1=" " ind2="4">
   <subfield code="c">© 2022</subfield>
  </datafield>
  <datafield tag="300" ind1=" " ind2=" ">
   <subfield code="a">151 Seiten</subfield>
   <subfield code="b">Illustrationen</subfield>
  </datafield>
  <datafield tag="336" ind1=" " ind2=" ">
   <subfield code="a">Text</subfield>
   <subfield code="b">txt</subfield>
   <subfield code="2">rdacontent</subfield>
  </datafield>
  <datafield tag="337" ind1=" " ind2=" ">
   <subfield code="a">ohne Hilfsmittel zu benutzen</subfield>
   <subfield code="b">n</subfield>
   <subfield code="2">rdamedia</subfield>
  </datafield>
  <datafield tag="338" ind1=" " ind2=" ">
   <subfield code="a">Band</subfield>
   <subfield code="b">nc</subfield>
   <subfield code="2">rdacarrier</subfield>
  </datafield>
  <datafield tag="500" ind1=" " ind2=" ">
   <subfield code="a">Includes index</subfield>
  </datafield>
  <datafield tag="520" ind1=" " ind2=" ">
   <subfield code="a">2015 -- 1920 -- 1922 -- Epilogue.</subfield>
  </datafield>
  <datafield tag="520" ind1=" " ind2=" ">
   <subfield code="a">&quot;This short book offers a dazzling new interpretation of Paul Klee's most famous work: his Angelus Novus (1920), which was purchased by Walter Benjamin and became the model for his Angel of History, a figure saturated with Jewish mysticism that he introduces in his &quot;Theses on the Philosophy of History.&quot; In 2014 the celebrated American artist R. H. Quaytman made a surprising discovery about Klee's work when she examined it at the Jewish Museum in Israel. She realized that Klee had carefully pasted the Angelus down over another image, a face, leaving just a finger's breadth of it showing. Through forensic science and lots of sleuthing it was determined that face belonged to Martin Luther. Behind the Angel of History tells the story of how Quaytman solved the mystery of who lurks behind Klee's angel. It then plunges into questions about why a face long hidden beneath another picture might matter. The book travels through a tangle of loaded conversations among images-from Klee's Angelus to Benjamin's own drawing of a crucified angel, from Klee's Angelus to Quaytman's own layered panels meditating on its secret&quot;--</subfield>
  </datafield>
  <datafield tag="583" ind1="1" ind2=" ">
   <subfield code="a">Archivierung/Langzeitarchivierung gewährleistet</subfield>
   <subfield code="f">FID</subfield>
   <subfield code="x">XA-DE-BW</subfield>
   <subfield code="2">pdager</subfield>
   <subfield code="5">DE-16</subfield>
  </datafield>
  <datafield tag="600" ind1="1" ind2="0">
   <subfield code="a">Klee, Paul</subfield>
   <subfield code="d">1879-1940</subfield>
   <subfield code="t">Angelus novus</subfield>
   <subfield code="2">DLC</subfield>
  </datafield>
  <datafield tag="600" ind1="1" ind2="0">
   <subfield code="a">Luther, Martin</subfield>
   <subfield code="d">1483-1546</subfield>
   <subfield code="x">Portraits</subfield>
   <subfield code="2">DLC</subfield>
  </datafield>
  <datafield tag="600" ind1="1" ind2="0">
   <subfield code="a">Benjamin, Walter</subfield>
   <subfield code="d">1892-1940</subfield>
   <subfield code="2">DLC</subfield>
  </datafield>
  <datafield tag="600" ind1="1" ind2="0">
   <subfield code="a">Quaytman, R. H</subfield>
   <subfield code="q">(Rebecca H.)</subfield>
   <subfield code="2">DLC</subfield>
  </datafield>
  <datafield tag="600" ind1="1" ind2="0">
   <subfield code="a">Klee, Paul</subfield>
   <subfield code="d">1879-1940</subfield>
   <subfield code="t">Angelus novus</subfield>
  </datafield>
  <datafield tag="600" ind1="1" ind2="0">
   <subfield code="a">Luther, Martin</subfield>
   <subfield code="d">1483-1546</subfield>
   <subfield code="x">Portraits</subfield>
  </datafield>
  <datafield tag="600" ind1="1" ind2="0">
   <subfield code="a">Benjamin, Walter</subfield>
   <subfield code="d">1892-1940</subfield>
  </datafield>
  <datafield tag="600" ind1="1" ind2="0">
   <subfield code="a">Quaytman, R. H</subfield>
   <subfield code="q">(Rebecca H</subfield>
  </datafield>
  <datafield tag="600" ind1="1" ind2="0">
   <subfield code="a">Benjamin, Walter</subfield>
   <subfield code="d">1892-1940</subfield>
   <subfield code="2">fast</subfield>
  </datafield>
  <datafield tag="600" ind1="1" ind2="0">
   <subfield code="a">Luther, Martin</subfield>
   <subfield code="d">1483-1546</subfield>
   <subfield code="2">fast</subfield>
  </datafield>
  <datafield tag="600" ind1="1" ind2="0">
   <subfield code="a">Quaytman, R. H</subfield>
   <subfield code="q">(Rebecca H</subfield>
   <subfield code="2">fast</subfield>
  </datafield>
  <datafield tag="600" ind1="1" ind2="7">
   <subfield code="0">(DE-588)7522140-8</subfield>
   <subfield code="0">(DE-627)509683592</subfield>
   <subfield code="0">(DE-576)253440610</subfield>
   <subfield code="a">Klee, Paul</subfield>
   <subfield code="d">1879-1940</subfield>
   <subfield code="t">Angelus Novus</subfield>
   <subfield code="2">gnd</subfield>
  </datafield>
  <datafield tag="600" ind1="1" ind2="7">
   <subfield code="0">(DE-588)4293396-1</subfield>
   <subfield code="0">(DE-627)104193743</subfield>
   <subfield code="0">(DE-576)210952180</subfield>
   <subfield code="a">Benjamin, Walter</subfield>
   <subfield code="d">1892-1940</subfield>
   <subfield code="t">Angelus Novus</subfield>
   <subfield code="2">gnd</subfield>
  </datafield>
  <datafield tag="600" ind1="1" ind2="7">
   <subfield code="0">(DE-588)118575449</subfield>
   <subfield code="0">(DE-627)133813363</subfield>
   <subfield code="0">(DE-576)162061560</subfield>
   <subfield code="a">Luther, Martin</subfield>
   <subfield code="d">1483-1546</subfield>
   <subfield code="2">gnd</subfield>
  </datafield>
  <datafield tag="600" ind1="1" ind2="7">
   <subfield code="0">(DE-588)141552727</subfield>
   <subfield code="0">(DE-627)629952388</subfield>
   <subfield code="0">(DE-576)324226616</subfield>
   <subfield code="a">Quaytman, R. H.</subfield>
   <subfield code="d">1961-</subfield>
   <subfield code="2">gnd</subfield>
  </datafield>
  <datafield tag="650" ind1=" " ind2="0">
   <subfield code="a">Jewish art and symbolism</subfield>
   <subfield code="z">Germany</subfield>
   <subfield code="y">20th century</subfield>
   <subfield code="2">DLC</subfield>
  </datafield>
  <datafield tag="650" ind1=" " ind2="0">
   <subfield code="a">Expressionism (Art)</subfield>
   <subfield code="z">Germany</subfield>
   <subfield code="y">20th century</subfield>
   <subfield code="2">DLC</subfield>
  </datafield>
  <datafield tag="650" ind1=" " ind2="0">
   <subfield code="a">Angels in art</subfield>
   <subfield code="2">DLC</subfield>
  </datafield>
  <datafield tag="650" ind1=" " ind2="0">
   <subfield code="a">Underdrawing</subfield>
   <subfield code="2">DLC</subfield>
  </datafield>
  <datafield tag="650" ind1=" " ind2="0">
   <subfield code="a">Jewish art and symbolism</subfield>
   <subfield code="z">Germany</subfield>
   <subfield code="y">20th century</subfield>
  </datafield>
  <datafield tag="650" ind1=" " ind2="0">
   <subfield code="a">Expressionism (Art)</subfield>
   <subfield code="z">Germany</subfield>
   <subfield code="y">20th century</subfield>
  </datafield>
  <datafield tag="650" ind1=" " ind2="0">
   <subfield code="a">Angels in art</subfield>
  </datafield>
  <datafield tag="650" ind1=" " ind2="0">
   <subfield code="a">Underdrawing</subfield>
  </datafield>
  <datafield tag="650" ind1=" " ind2="0">
   <subfield code="a">Expressionnisme (Art)</subfield>
   <subfield code="z">Allemagne</subfield>
   <subfield code="y">20e siècle</subfield>
  </datafield>
  <datafield tag="650" ind1=" " ind2="0">
   <subfield code="a">Anges dans l'art</subfield>
  </datafield>
  <datafield tag="650" ind1=" " ind2="0">
   <subfield code="a">Dessin sous-jacent</subfield>
  </datafield>
  <datafield tag="650" ind1=" " ind2="0">
   <subfield code="a">underdrawings</subfield>
   <subfield code="2">aat</subfield>
  </datafield>
  <datafield tag="650" ind1=" " ind2="0">
   <subfield code="a">ART / General</subfield>
   <subfield code="2">bisacsh</subfield>
  </datafield>
  <datafield tag="650" ind1=" " ind2="0">
   <subfield code="a">Angels in art</subfield>
   <subfield code="2">fast</subfield>
  </datafield>
  <datafield tag="650" ind1=" " ind2="0">
   <subfield code="a">Expressionism (Art)</subfield>
   <subfield code="2">fast</subfield>
  </datafield>
  <datafield tag="650" ind1=" " ind2="0">
   <subfield code="a">Jewish art and symbolism</subfield>
   <subfield code="2">fast</subfield>
  </datafield>
  <datafield tag="650" ind1=" " ind2="0">
   <subfield code="a">Underdrawing</subfield>
   <subfield code="2">fast</subfield>
  </datafield>
  <datafield tag="650" ind1=" " ind2="4">
   <subfield code="a">Klee, Paul, 1879-1940. Angelus novus</subfield>
  </datafield>
  <datafield tag="650" ind1=" " ind2="4">
   <subfield code="a">Luther, Martin, 1483-1546--Portraits</subfield>
  </datafield>
  <datafield tag="650" ind1=" " ind2="4">
   <subfield code="a">Benjamin, Walter, 1892-1940</subfield>
  </datafield>
  <datafield tag="650" ind1=" " ind2="4">
   <subfield code="a">Quaytman, R. H. (Rebecca H.)</subfield>
  </datafield>
  <datafield tag="650" ind1=" " ind2="4">
   <subfield code="a">Jewish art and symbolism--Germany--20th century</subfield>
  </datafield>
  <datafield tag="650" ind1=" " ind2="4">
   <subfield code="a">Expressionism (Art)--Germany--20th century</subfield>
  </datafield>
  <datafield tag="650" ind1=" " ind2="4">
   <subfield code="a">Angels in art</subfield>
  </datafield>
  <datafield tag="650" ind1=" " ind2="4">
   <subfield code="a">Underdrawing</subfield>
  </datafield>
  <datafield tag="651" ind1=" " ind2="0">
   <subfield code="a">Germany</subfield>
   <subfield code="2">fast</subfield>
  </datafield>
  <datafield tag="655" ind1=" " ind2="0">
   <subfield code="a">Portraits</subfield>
   <subfield code="2">fast</subfield>
  </datafield>
  <datafield tag="689" ind1="0" ind2="0">
   <subfield code="d">p</subfield>
   <subfield code="0">(DE-588)118509039</subfield>
   <subfield code="0">(DE-627)133801799</subfield>
   <subfield code="0">(DE-576)160242886</subfield>
   <subfield code="a">Benjamin, Walter</subfield>
   <subfield code="d">1892-1940</subfield>
   <subfield code="2">gnd</subfield>
  </datafield>
  <datafield tag="689" ind1="0" ind2="1">
   <subfield code="d">s</subfield>
   <subfield code="0">(DE-588)4128844-0</subfield>
   <subfield code="0">(DE-627)105714259</subfield>
   <subfield code="0">(DE-576)209605545</subfield>
   <subfield code="a">Sammlung</subfield>
   <subfield code="2">gnd</subfield>
  </datafield>
  <datafield tag="689" ind1="0" ind2="2">
   <subfield code="d">u</subfield>
   <subfield code="0">(DE-588)7522140-8</subfield>
   <subfield code="0">(DE-627)509683592</subfield>
   <subfield code="0">(DE-576)253440610</subfield>
   <subfield code="a">Klee, Paul</subfield>
   <subfield code="d">1879-1940</subfield>
   <subfield code="t">Angelus Novus</subfield>
   <subfield code="2">gnd</subfield>
  </datafield>
  <datafield tag="689" ind1="0" ind2=" ">
   <subfield code="5">(DE-627)</subfield>
  </datafield>
  <datafield tag="689" ind1="1" ind2="0">
   <subfield code="d">u</subfield>
   <subfield code="0">(DE-588)7522140-8</subfield>
   <subfield code="0">(DE-627)509683592</subfield>
   <subfield code="0">(DE-576)253440610</subfield>
   <subfield code="a">Klee, Paul</subfield>
   <subfield code="d">1879-1940</subfield>
   <subfield code="t">Angelus Novus</subfield>
   <subfield code="2">gnd</subfield>
  </datafield>
  <datafield tag="689" ind1="1" ind2="1">
   <subfield code="d">s</subfield>
   <subfield code="0">(DE-588)4049716-1</subfield>
   <subfield code="0">(DE-627)104675152</subfield>
   <subfield code="0">(DE-576)209083182</subfield>
   <subfield code="a">Rezeption</subfield>
   <subfield code="2">gnd</subfield>
  </datafield>
  <datafield tag="689" ind1="1" ind2="2">
   <subfield code="d">u</subfield>
   <subfield code="0">(DE-588)4293396-1</subfield>
   <subfield code="0">(DE-627)104193743</subfield>
   <subfield code="0">(DE-576)210952180</subfield>
   <subfield code="a">Benjamin, Walter</subfield>
   <subfield code="d">1892-1940</subfield>
   <subfield code="t">Angelus Novus</subfield>
   <subfield code="2">gnd</subfield>
  </datafield>
  <datafield tag="689" ind1="1" ind2=" ">
   <subfield code="5">(DE-627)</subfield>
  </datafield>
  <datafield tag="776" ind1="1" ind2=" ">
   <subfield code="z">9780226816715</subfield>
   <subfield code="c">(ebook)</subfield>
  </datafield>
  <datafield tag="776" ind1="0" ind2="8">
   <subfield code="i">Erscheint auch als</subfield>
   <subfield code="n">Online-Ausgabe</subfield>
   <subfield code="a">Bourneuf, Annie, 1979 - </subfield>
   <subfield code="t">Behind the Angel of History</subfield>
   <subfield code="d">Chicago : University of Chicago Press, 2022</subfield>
   <subfield code="h">1 online resource (160 pages)</subfield>
   <subfield code="w">(DE-627)1817956612</subfield>
   <subfield code="z">9780226816715</subfield>
  </datafield>
  <datafield tag="787" ind1="0" ind2="8">
   <subfield code="i">Rezensiert in</subfield>
   <subfield code="t">[Rezension von: Annie Bourneuf, Behind the angel of history - the &quot;Angelus Novus&quot; and its interleaf]</subfield>
   <subfield code="d">2022</subfield>
   <subfield code="w">(DE-627)1813302510</subfield>
  </datafield>
  <datafield tag="787" ind1="0" ind2="8">
   <subfield code="i">Rezensiert in</subfield>
   <subfield code="w">(DE-603)518341364</subfield>
  </datafield>
  <datafield tag="856" ind1="4" ind2="2">
   <subfield code="u">https://swbplus.bsz-bw.de/bsz1762831554inh.htm</subfield>
   <subfield code="m">V:DE-576</subfield>
   <subfield code="m">B:DE-16</subfield>
   <subfield code="v">20230523114522</subfield>
   <subfield code="3">Inhaltsverzeichnis</subfield>
   <subfield code="7">1</subfield>
  </datafield>
  <datafield tag="936" ind1="r" ind2="v">
   <subfield code="a">LI 46559</subfield>
   <subfield code="b">Monographien und Bildbände zu einzelnen Kunstwerken</subfield>
   <subfield code="k">Kunstgeschichte</subfield>
   <subfield code="k">Künstler-Monografien</subfield>
   <subfield code="k">Alphabetische Künstlerliste</subfield>
   <subfield code="k">Künstler K</subfield>
   <subfield code="k">Klee, Paul (bis 46560)</subfield>
   <subfield code="k">Monographien und Bildbände zu einzelnen Kunstwerken</subfield>
   <subfield code="0">(DE-627)1270644106</subfield>
   <subfield code="0">(DE-625)rvk/96387:13287</subfield>
   <subfield code="0">(DE-576)200644106</subfield>
  </datafield>
  <datafield tag="936" ind1="b" ind2="k">
   <subfield code="a">20.31</subfield>
   <subfield code="j">Bildende Künstler</subfield>
   <subfield code="0">(DE-627)181571080</subfield>
  </datafield>
  <datafield tag="936" ind1="b" ind2="k">
   <subfield code="a">20.05</subfield>
   <subfield code="j">Kunst in Beziehung zu anderen Wissenschaftsgebieten</subfield>
   <subfield code="0">(DE-627)106415824</subfield>
  </datafield>
  <datafield tag="936" ind1="s" ind2="n">
   <subfield code="a">l300</subfield>
   <subfield code="2">mzub</subfield>
  </datafield>
  <datafield tag="951" ind1=" " ind2=" ">
   <subfield code="a">BO</subfield>
  </datafield>
  <datafield tag="990" ind1=" " ind2=" ">
   <subfield code="a">Benjamin, Walter</subfield>
  </datafield>
  <datafield tag="990" ind1=" " ind2=" ">
   <subfield code="a">Sammlung</subfield>
  </datafield>
  <datafield tag="990" ind1=" " ind2=" ">
   <subfield code="a">Klee, Paul / Angelus Novus</subfield>
  </datafield>
  <datafield tag="990" ind1=" " ind2=" ">
   <subfield code="a">Klee, Paul / Angelus Novus</subfield>
  </datafield>
  <datafield tag="990" ind1=" " ind2=" ">
   <subfield code="a">Rezeption</subfield>
  </datafield>
  <datafield tag="990" ind1=" " ind2=" ">
   <subfield code="a">Benjamin, Walter / Angelus Novus</subfield>
  </datafield>
  <datafield tag="991" ind1=" " ind2=" ">
   <subfield code="a">Rezensiertes Werk</subfield>
  </datafield>
  <datafield tag="999" ind1=" " ind2=" ">
   <subfield code="a">KXP-PPN1762831554</subfield>
   <subfield code="e">4489211953</subfield>
  </datafield>
 </record>
</collection>
